| 000 | 01131nam a2200313 i 4500 | ||
|---|---|---|---|
| 001 | 35389 | ||
| 003 | KOSZ 005 | ||
| 005 | 20200805132457.0 | ||
| 008 | 991010s1999 pl a f |100 0 pol d | ||
| 040 |
_cKOSZ 005 _aKOSZ 005 _dKOSZ 005/HR |
||
| 046 | _k1999 | ||
| 080 | _a663.4 | ||
| 080 | _a(06) | ||
| 245 | 1 | 0 |
_aTlen w produkcji i jakości piwa oraz pomiary jego zawartości w beczce i piwie : _bseminarium ogólnopolskie Instytutu Biotechnologii Przemysłu Rolno-Spożywczego. Zakład Technologii Piwa i Słodu. |
| 260 |
_aWarszawa : _bIBPRS, _c1999. |
||
| 300 |
_a[28] s. ; _c29 cm. |
||
| 336 |
_2rdacontent _aTekst _btxt |
||
| 337 |
_2rdamedia _aBez urządzenia pośredniczącego _bn |
||
| 338 |
_2rdacarrier _aWolumin _bnc |
||
| 380 | _aKsiążki | ||
| 388 | _a1901-2000 | ||
| 388 | _a1989-2000 | ||
| 650 | 7 | _aPiwowarstwo | |
| 655 | _aMateriały konferencyjne | ||
| 658 | _aRolnictwo i leśnictwo | ||
| 710 | 2 | _aInstytut Biotechnologii Przemysłu Rolno-Spożywczego | |
| 856 |
_uhttp://koha.tu.koszalin.pl/cgi-bin/koha/opac-detail.pl?biblionumber=35389 _yKatalog online BPK |
||
| 942 |
_cKS _2UKD |
||
| 999 |
_c35389 _d35389 |
||